| 000 | 00533nam a2200181Ia 4500 | ||
|---|---|---|---|
| 008 | 240925s9999 xx 000 0 und d | ||
| 020 | _a534175295 | ||
| 082 | _a540 HEI | ||
| 100 | _aHein, Morris; Best ,Leo R.; Miner ,Robert L. | ||
| 245 | 0 | _aCollege Chemistry in The Laboratory | |
| 250 | _a5th | ||
| 260 |
_aCalifornia: _bBrook/ Cale Publishing _c,1992. |
||
| 300 |
_axxii,586p. _bNA _fOriginal |
||
| 500 | _aInclude Appendix | ||
| 600 | _aHumanities & Natural Science | ||
| 650 | _aChemistry and allied sciences | ||
| 942 | _cBK | ||
| 999 |
_c2994 _d2994 |
||